| 000 | 00721nam a2200253Ia 4500 | ||
|---|---|---|---|
| 008 | 160404s9999 xx 000 0 und d | ||
| 020 | _a971-23-2093-6 | ||
| 050 | _aFIL HD 62.7 | ||
| 050 | _b.M43 1996 c.1 | ||
| 100 | _aMedina, Roberto G. | ||
| 245 | _aEntrepreneurship and small business management / | ||
| 245 | _cRoberto G. Medina. | ||
| 260 | _aManila : | ||
| 260 | _bRex Book Store, Inc., | ||
| 260 | _c1996 | ||
| 300 | _a350 pages : | ||
| 300 | _billustrations ; | ||
| 300 | _c22 cm. | ||
| 500 | _aIncludes index. | ||
| 650 | _aBusinessmen -- Philippines -- Biography. | ||
| 650 | _aLeadership. | ||
| 650 | _xBusinesswomen -- Philippines -- Biography. | ||
| 650 | _xLeadership -- Philippines. | ||
| 999 |
_c293310 _d293310 |
||